00385nam a2200121Ia 4500003000400000008004100004040001600045082001900061245010600080260006100186300001100247490000500258GCL140319s9999 xx 000 0 ara d aGCL / cGCL04a320.956bح م10aالمؤامرة الاسرائيلية على العقل المصرى: اسرار ووثائق a[S.N] : bدار المستقبل العربى ، c1986 a293 ص a